000 00571nam a2200181Ia 4500
008 151202s9999||||xx |||||||||||||| ||und||
082 _bPNVM-32997
100 _aबोरकर वि. ज.
245 _aमाती आणि आदेऊष.
260 _b"मौज प्रकाशन,मुंबई."
260 _c1979
300 _a154
600 _aबोरकर वि. ज.
630 _aमाती आणि आदेऊष.
700 _aबोरकर वि. ज.
730 _aमाती आणि आदेऊष.
942 _cBOOK
999 _c1298958
_d1298955